F1 champions - Statistics

General Stats
  • This quiz has been taken 75 times
  • The average score is 64 of 70
Answer Stats
Season Champion % Correct
2008 Lewis Hamilton
98%
2014 Lewis Hamilton
98%
2015 Lewis Hamilton
98%
2017 Lewis Hamilton
98%
2018 Lewis Hamilton
98%
2019 Lewis Hamilton
98%
1985 Alain Prost
96%
1986 Alain Prost
96%
1989 Alain Prost
96%
1993 Alain Prost
96%
1988 Ayrton Senna
96%
1990 Ayrton Senna
96%
1991 Ayrton Senna
96%
1996 Damon Hill
96%
1951 Juan Manuel Fangio
96%
1954 Juan Manuel Fangio
96%
1955 Juan Manuel Fangio
96%
1956 Juan Manuel Fangio
96%
1957 Juan Manuel Fangio
96%
2007 Kimi Räikkönen
96%
1994 Michael Schumacher
96%
1995 Michael Schumacher
96%
2000 Michael Schumacher
96%
2001 Michael Schumacher
96%
2002 Michael Schumacher
96%
2003 Michael Schumacher
96%
2004 Michael Schumacher
96%
2016 Nico Rosberg
96%
1975 Niki Lauda
96%
1977 Niki Lauda
96%
1984 Niki Lauda
96%
2010 Sebastian Vettel
96%
2011 Sebastian Vettel
96%
2012 Sebastian Vettel
96%
2013 Sebastian Vettel
96%
2005 Fernando Alonso
95%
2006 Fernando Alonso
95%
1962 Graham Hill
95%
1968 Graham Hill
95%
1997 Jacques Villeneuve
95%
2009 Jenson Button
95%
1982 Keke Rosberg
95%
1998 Mika Häkkinen
95%
1999 Mika Häkkinen
95%
1961 Phil Hill
95%
1992 Nigel Mansell
93%
1969 Jackie Stewart
89%
1971 Jackie Stewart
89%
1973 Jackie Stewart
89%
1981 Nelson Piquet
89%
1983 Nelson Piquet
89%
1987 Nelson Piquet
89%
1976 James Hunt
87%
1963 Jim Clark
85%
1965 Jim Clark
85%
1952 Alberto Ascari
84%
1953 Alberto Ascari
84%
1966 Jack Brabham
82%
1979 Jody Scheckter
82%
1950 Nino Farina
82%
1972 Emerson Fittipaldi
80%
1974 Emerson Fittipaldi
80%
1980 Alan Jones
75%
1970 Jochen Rindt
75%
1978 Mario Andretti
75%
1964 John Surtees
73%
1958 Mike Hawthorn
71%
1959 Mike Hawthorn
71%
1960 Mike Hawthorn
71%
1967 Denny Hulme
67%
No matching quizzes found
Score Distribution
Percent of People with Each Score
Percentile by Number Answered
Your Score History
You have not taken this quiz